000 00239nam a22001097a 4500
008 180803b xxu||||| |||| 00| 0 eng d
082 _a813.52
245 _aResidential design
_cSDC
260 _c2009
300 _a1
_fDVD
942 _2ddc
_cMX
999 _c46789
_d46789